Carta encíclica de nuestro santísimo señor Juan por la Divina Providencia Papa XXIII a los venerables hermanos patriarcas, primados, arzobispos, obispos y demás ordinarios de lugar en paz y comunión con la Sede Apostólica a todos los sacerdotes y fieles del orbe católico sobre el reciente desarrollo de la cuestión social a la luz de la doctrina cristiana

সংরক্ষণ করুন:
গ্রন্থ-পঞ্জীর বিবরন
প্রধান লেখক: Juan XXIII (Author)
বিন্যাস: গ্রন্থ
ভাষা:স্প্যানিশ
প্রকাশিত: Madrid Apostolado de la Prensa 1961
সংস্করন:2a. ed
বিষয়গুলি:
ট্যাগগুলো: ট্যাগ যুক্ত করুন
কোনো ট্যাগ নেই, প্রথমজন হিসাবে ট্যাগ করুন!

MARC

LEADER 00000cam a2200000 a 4500
001 UCD4899
003 CL-VaPUC
008 160731e19610000sp |||||||||||||||||spa|d
082 0 4 |a 262.91  |b JUA  |2 21 
100 |a Juan XXIII  |e author  |9 337271 
245 1 0 |a Carta encíclica de nuestro santísimo señor Juan por la Divina Providencia Papa XXIII a los venerables hermanos patriarcas, primados, arzobispos, obispos y demás ordinarios de lugar en paz y comunión con la Sede Apostólica a todos los sacerdotes y fieles del orbe católico sobre el reciente desarrollo de la cuestión social a la luz de la doctrina cristiana 
250 |a 2a. ed 
300 |a 79 p 
942 |c BK 
945 |d 20160731 21:25:00  |a dcastane 
260 |a Madrid  |b Apostolado de la Prensa  |c 1961 
600 0 |a Juan XXIII  |9 337271 
650 0 |a Documentos pontificios   |9 255642 
650 0 |a Encíclicas  |9 255643 
650 0 |a Doctrina social de la iglesia  |9 257333 
583 |a last modification  |c 20160731 21:25:00  |k Rodrigo Vera 
999 |c 365689  |d 365687 
952 |0 0  |1 0  |3 erb  |4 0  |6 262_910000000000000_JUA_1961  |7 0  |8 A  |9 479617  |a BIBTEO  |b BIBTEO  |e Villagrán Garnham, Jorge  |i 5317088  |o 262.91 JUA 1961  |p 5317088  |r 2025-01-17  |w 2019-11-24  |y BK  |z Catalogado en:20160731  |k ICR